| 000 | 00465nam a2200157 i 4500 | ||
|---|---|---|---|
| 001 | 42268 | ||
| 003 | ES-MaACL | ||
| 005 | 20230906160559.0 | ||
| 007 | t| | ||
| 008 | 030313s1910 ec ||||1| spa d | ||
| 100 | 1 |
_aCastillo, María Piedad. _936707 |
|
| 245 | 1 | 0 |
_aA Colombia en el centenario de su independencia _b: (poesía) / _cMaría Piedad Castillo. |
| 260 |
_aGuayaquil : _bEl Telegrafo, _c1910. |
||
| 300 |
_a18 p. ; _c19 cm. |
||
| 852 |
_aES-MaACL _j1730-F-9 |
||
| 999 |
_c42268 _d42268 |
||